Fuero de Salamanca / (Record no. 54650)

MARC details
000 -LEADER
campo de control de longitud fija 00783nam a22002175i 4500
001 - NÚMERO DE CONTROL
campo de control 54650
003 - IDENTIFICADOR DE NÚMERO DE CONTROL
campo de control ES-MaACL
005 - FECHA Y HORA DE LA ÚLTIMA TRANSACCIÓN
campo de control 20250927140103.0
007 - CAMPO FIJO DE DESCRIPCIÓN FÍSICA--INFORMACIÓN GENERAL
campo de control de longitud fija t|
008 - DATOS DE LONGITUD FIJA--INFORMACIÓN GENERAL
campo de control de longitud fija 960725s1870 sp ||||1| spa d
040 ## - FUENTE DE CATALOGACIÓN
Centro catalogador/agencia de origen CAM
Lengua de catalogación spa
Centro/agencia transcriptor CAM
245 00 - MENCIÓN DEL TÍTULO
Título Fuero de Salamanca /
Mención de responsabilidad, etc. publicado ahora por vez primera con notas, apéndice y un discurso preliminar por J. Sanchez Ruano.
260 ## - PUBLICACIÓN, DISTRIBUCIÓN, ETC.
Lugar de publicación, distribución, etc. Salamanca :
Nombre del editor, distribuidor, etc. [s.n.],
Fecha de publicación, distribución, etc. 1870 (
Fabricante Imp. de Sebastián Cerezo)
300 ## - DESCRIPCIÓN FÍSICA
Extensión XXXVI, 189 p. ;
Dimensiones 23 cm.
500 ## - NOTA GENERAL
Nota general Apéndice: p. 135-189.
505 8# - NOTA DE CONTENIDO CON FORMATO
Nota de contenido con formato Incluye los Fueros de Béjar, Ledesma, Alba de Tormes y otros documentos legales
650 14 - PUNTO DE ACCESO ADICIONAL DE MATERIA--TÉRMINO DE MATERIA
Término de materia o nombre geográfico como elemento de entrada Fueros-
Subdivisión geográfica Salamanca.
9 (RLIN) 12995
700 1# - ENTRADA AGREGADA--NOMBRE PERSONAL
Nombre de persona Sánchez Ruano, Julián,
Fechas asociadas al nombre 1842-1871
9 (RLIN) 133015
852 ## - LOCALIZACIÓN
Ubicación ES-MaACL
Número de control de estantería G-15011
Holdings
Estatus retirado Estado de pérdida Estado de daño No para préstamo Colección Biblioteca de origen Biblioteca actual Ubicación en estantería Fecha de adquisición Fuente de adquisición Total de préstamos Signatura topográfica completa Código de barras Visto por última vez Precio de reemplazo Tipo de ítem Koha
        Libros del s. XIX Biblioteca del Ateneo de Madrid Biblioteca del Ateneo de Madrid Sala Pecera Planta 3 17/01/2008     G-15011 1057425 23/02/2023 23/02/2023 Libro impreso antiguo